Empresas de los trabajadores: de la utopía a la realidad /
Spremljeno u:
| Glavni autor: | |
|---|---|
| Format: | Tekst |
| Oznake: |
Dodaj oznaku
Bez oznaka, Budi prvi tko označuje ovaj zapis!
|
MARC
| LEADER | 00000 a a2200000 04500 | ||
|---|---|---|---|
| 001 | 46005 | ||
| 003 | |||
| 040 | |a CRAI/IIS |c CRAI/IIS | ||
| 100 | |a Cajina G., Johnny | ||
| 245 | |a Empresas de los trabajadores: |b de la utopía a la realidad / |c Johnny Cajina G. | ||
| 773 | |g volumen17, número412 (1997), páginas 21-23 : foto | ||
| 999 | |c 18545 |d 18545 | ||
